Statistiques concernant Musées les plus visités dans le monde, leurs pays et villes

Cliquez ici pour prendre le quiz!

Statistiques générales

  • Ce quiz a été pris 217 fois
  • Le résultat moyen est 20 sur 46

Statistiques - réponses

Visitors Musée % Correct
7,400,000Louvre
99%
Paris
94%
France
89%
New York City
86%
Londres
86%
États-Unis
81%
Royaume-Uni
79%
Espagne
78%
Madrid
77%
Italie
69%
Russie
67%
Saint-Pétersbourg
64%
Moscou
61%
3,000,000Musée d'Orsay
57%
Washington, D.C
55%
3,033,754Musée du Prado
53%
Florence
52%
Amsterdam
49%
6,420,000Le British Museum/Musée britannique
49%
Pays-bas
48%
Mexique
46%
4,119,000Musée de l'Ermitage
46%
Mexico
44%
2,790,000Le Museum of Modern Art
43%
Brésil
41%
Australie
40%
3,460,500Victoria and Albert Museum
39%
Melbourne
36%
Rio de Janeiro
36%
7,006,000Metropolitan Museum of Art
32%
3,335,509Musée National d'Art Moderne
31%
5,839,000Tate Modern
28%
6,263,000National Gallery/Galerie nationale
24%
2,100,000Musée Van Gogh
23%
Vatican
19%
Vatican
19%
6,067,000Musées du Vatican
19%
2,010,631Galleria degli Uffizi/Galerie des Offices
16%
3,649,000Musée national centre d'art Reina Sofia
15%
2,500,000Rijksmuseum
13%
2,528,550Musée Russe
8%
2,668,000National Gallery of Victoria
6%
2,325,795Galerie Tretiakov
3%
2,246,000Musée Soumaya
2%
2,216,000Centro Cultural Banco do Brasil
1%
4,260,000National Gallery of Art
1%

Distribution des résultats

Percentile by Number Answered

% des personnes avec chaque résultat

Votre développement - résultats

Vous n’avez pas pris ce quiz